000 00378nam a2200145Ia 4500
008 230917s9999||||xx |||||||||||||| ||und||
040 _e97903
_aMAIN
041 _aEnglish
082 _a658.3 T543H
100 _aTiwari, T D
245 0 _aHuman resource management practices: Concept and cases
260 _aRohtak
_bShanti Prakashan
_c2003
300 _a238 p.
942 _cBK
999 _c111195
_d111195